Naruto-1 (Record no. 12238)
[ view plain ]
| 000 -LEADER | |
|---|---|
| fixed length control field | 00235nam a22000977a 4500 |
| 008 - FIXED-LENGTH DATA ELEMENTS--GENERAL INFORMATION | |
| fixed length control field | 230403b |||||||| |||| 00| 0 eng d |
| 020 ## - INTERNATIONAL STANDARD BOOK NUMBER | |
| International Standard Book Number | 9781569319000 |
| 100 ## - MAIN ENTRY--PERSONAL NAME | |
| Personal name | Kishimoto Masashi-Vol-1 |
| 9 (RLIN) | 7663 |
| 245 ## - TITLE STATEMENT | |
| Title | Naruto-1 |
| 260 ## - PUBLICATION, DISTRIBUTION, ETC. (IMPRINT) | |
| Place of publication, distribution, etc. | USA |
| Date of publication, distribution, etc. | 2021 |
| Withdrawn status | Lost status | Source of classification or shelving scheme | Damaged status | Koha normalized classification for sorting | Not for loan | Home library | Current library | Shelving location | Date acquired | Total Checkouts | Full call number | Barcode | Date last seen | Date last checked out | Price effective from | Koha item type |
|---|---|---|---|---|---|---|---|---|---|---|---|---|---|---|---|---|
| Dewey Decimal Classification | KIS_823_000000000000000 | Good Samaritan School Library | Good Samaritan School Library | FICTION | 04/03/2023 | 8 | KIS823 | KIS17476 | 02/11/2026 | 12/08/2025 | 04/03/2023 | BOOK |